Générique Caillou - Paroles - Statistiques

Statistiques générales
  • Ce quiz a été pris 108 fois
  • Le résultat moyen est 16 sur 20
Statistiques - réponses
Paroles % Correct
C'est moi le grand {garçon}
100%
Chez nous à la {maison}
100%
J'm'appelle {Caillou}
99%
Car papa et {maman}
91%
J'm'appelle {Caillou}
91%
Ne sont jamais bien {loin}
90%
Caillou c'est {moi}
87%
Caillou c'est {moi}
87%
J'm'appelle {Caillou}
87%
J'm'appelle {Caillou}
87%
Ca n'dure jamais {longtemps}
86%
Je n'ai {peur} de rien
86%
Je {pleure} de temps en temps
83%
Autour de moi, c'est tellement {beau}
74%
Même si je suis {grand}
74%
J'trouve des {amis} partout
73%
J'aime ça, {toucher} à tout
71%
Tout les jours y a du {nouveau}
66%
{Voilà}
65%
J'ai du {plaisir}
48%
Aucun quiz correspondant
Distribution des résultats
% des personnes avec chaque résultat
Percentile par nombre de réponses
Votre historique - résultats
Vous n’avez pas pris ce quiz